00842nam a2200241 i 4500001001000000003000900010005001700019007000300036008004100039040003000080082002200110245008800132264007600220300005500296336002700351337003300378338002900411490001600440490001500456650006400471650004900535830001600584000024404DO-SdBNP20230512104449.0ta110127s1995 dr ae 001 0 spa d aDO-SdBNPbspacBNPHUerda 4a333.7bC575ve22203aEl cinturón verde de la ciudad de Santo Domingo /cprólogo, Joaquín Balaguer. aSanto Domingo :bBanco de Reservas de la República Dominicana,c1995. a130 páginas : bilustraciones y planos ;c25 cm. 2rdacontent atextbtxt 2rdamediaasin mediaciónbn 2rdacarrieravolumen bnc0 aBanreservas0 aCienciav1 4aZonas verdesz(República Dominicana, Santo Domingo{Rpara} 4aPolítica ambientalzRepública Dominicana 0aBanreservas